| 000 | 01273nam a2200253Ia 4500 | ||
|---|---|---|---|
| 999 |
_c39872 _d39872 |
||
| 001 | 6477 | ||
| 003 | GE_BSU | ||
| 005 | 20190701143215.0 | ||
| 008 | 181216s1983||||ge |||||||||||||| ||geo|| | ||
| 041 | _ageo | ||
| 080 | _a621.91(075.8) ლ-59 | ||
| 245 |
_aლითონსაჭრელი ჩარხების ძალური გაანგარიშების საფუძვლები : დამხმ. სახელმძღვ. / _cგ. ჩიხლაძე ; ლ. გოგავა ; რ. გოგიტიშვილი ; კ. ნუცუბიძე ; რედ : ე. გიორგაძე . |
||
| 264 |
_aთბილისი : _bსპი, _c1983. |
||
| 300 |
_a116 გვ .: _c20 სმ. |
||
| 504 | _aბიბლიოგრ.:გვ.113. | ||
| 653 | _aლითონსაჭრელი ჩარხების ძალური გაანგარიშება | ||
| 653 | _aტექნიკა | ||
| 700 |
_aჩიხლაძე, გ. _91385 |
||
| 700 |
_aგოგავა, ლ _93123 |
||
| 700 |
_aგოგიტიშვილი ,რ _93124 |
||
| 700 |
_aნუცუბიძე, კ _93125 |
||
| 700 |
_aგიორგაძე,ე _eრედაქტორი _93126 |
||
| 942 |
_cBK _2udc |
||